000 00681cam a22002172 4500
001 0000003118
005 20151217161132.0
008 070427s xx 000 0 eng d
020 _a0761926119 :
_cKES 2,800
040 _aKABU
_cKABU
050 0 _aHM425
_b.E53
245 1 0 _aEncyclopedia of social theory /
_cedited by George Ritzer.
260 _aLondon :
_bSage,
_c2005.
300 _a2 v.
650 0 _aSociology
_xPhilosophy
_vEncyclopedias.
_@0000152761
700 1 _aRitzer, George.
_@0000152762
908 _a070427
950 _@1
999 _c14932
_d14932